000 00621nam a22002297a 4500
003 UA-OsUOA
001 91878
007 ta
008 20121206b un ||||| |||| 00| 0 ukr d
100 _aОдарченко П.
090 _a821.161.2
_bО - 40
942 _cBK
040 _aUA-OsUOA
_bukr
_cUA-OsUOA
_dUA-OsUOA
245 _aЛеся Українка
_bрозвідкі різних років
300 _a239 с.
955 _a3
041 _aukr
080 _a821.161.2
260 _aК.
_bКоць
_c1944
650 7 _a82 Література. Літературознавство
_2UDC
999 _c378139
_d378139